000
00339nam a2200133Ia 4500
008
240624s9999 xx 000 0 und d
041
_a
eng
082
_a
658.4063 COO
100
_a
COOK PETER
245
_a
LEADING INNOVATION CREATIVITY AND ENTERP
260
_c
2016
_a
London
_b
Bloomsbury
300
_a
xi, 242 p.; 24 cm.
365
_c
_b
38
999
_c
29092
_d
29092